| 000 | 00343nam a2200133Ia 4500 | ||
|---|---|---|---|
| 008 | 230917s9999||||xx |||||||||||||| ||und|| | ||
| 040 |
_e71739 _aMAIN |
||
| 041 | _aEnglish | ||
| 082 | _a005.133 D98D | ||
| 245 | 0 | _aDynamic html reference and software development kit | |
| 260 |
_aBangalore _bW P _c2001 |
||
| 300 | _aviii, 1366 p. | ||
| 942 | _cBK | ||
| 999 |
_c93356 _d93356 |
||